| 000 | 00700nam a2200181 i 4500 | ||
|---|---|---|---|
| 001 | 164447 | ||
| 003 | ES-MaACL | ||
| 005 | 20251221063016.0 | ||
| 008 | 050823s1876 sp a |||| | spa d | ||
| 100 | 1 |
_aSalgari, Emilio, _d1862-1911 _9242636 |
|
| 245 | 1 | 4 |
_aLos solitarios del océano / _cEmilio Salgari. |
| 260 |
_aMadrid : _bSaturnino Calleja Fernández, _c1876 ( _fImprenta de Jaime Ratés) |
||
| 300 |
_a311 p. : _bil. ; _c18 cm. |
||
| 490 | 1 |
_aBiblioteca Calleja. Obras literarias de autores célebres ; _v58 |
|
| 830 | 0 |
_aBiblioteca Calleja. Obras literarias de autores célebres ; _v58 _9188462 |
|
| 852 |
_aES-MaACL _jD-2451 _z. - Enc. hol. deteriorada |
||
| 999 |
_c164447 _d164447 |
||